ՀՀ Գիտությունների ազգային ակադեմիայի հիմնարար գիտական գրադարան  =   Fundamental Scientific Library of NAS RA
Normal view MARC view

Entry Personal Name

Number of records used in: 56

001 - CONTROL NUMBER

  • control field: 1189

003 - CONTROL NUMBER IDENTIFIER

  • control field: AM-YEHGA

005 - DATE AND TIME OF LATEST TRANSACTION

  • control field: 20250617070426.0

008 - FIXED-LENGTH DATA ELEMENTS

  • fixed length control field: 050114 a|ac|n|aab||||||||||||a |n|||||||

040 ## - CATALOGING SOURCE

  • Original cataloging agency: AM-YEHGA

100 1# - HEADING--PERSONAL NAME

  • Personal name: Հարությունյան, Սաղաթել Մամիկոնի,
  • Dates associated with a name: 1921-2005

400 1# - SEE FROM TRACING--PERSONAL NAME

  • Personal name: Հարությունյան, Սաղաթել,
  • Dates associated with a name: 1921-2005

400 1# - SEE FROM TRACING--PERSONAL NAME

  • Personal name: Հարությունյան, Սաղ.
  • Fuller form of name: (Սաղաթել),
  • Dates associated with a name: 1921-2005

400 1# - SEE FROM TRACING--PERSONAL NAME

  • Personal name: Հարությունյան, Ս.
  • Fuller form of name: (Սաղաթել),
  • Dates associated with a name: 1921-2005

400 1# - SEE FROM TRACING--PERSONAL NAME

  • Personal name: Арутюнян, Сагател Мамиконович,
  • Dates associated with a name: 1921-2005

400 1# - SEE FROM TRACING--PERSONAL NAME

  • Personal name: Арутюнян, Сагатэл,
  • Dates associated with a name: 1921-2005

400 1# - SEE FROM TRACING--PERSONAL NAME

  • Personal name: Harutyunyan, Saghatel Mamikoni,
  • Dates associated with a name: 1921-2005

670 ## - SOURCE DATA FOUND

  • Source citation: Հայկական համառոտ հանրագիտարան, 1999 :
  • Information found: հ. 3 (Հարությունյան Սաղաթել Մամիկոնի (ծ. 20.3.1921, գ. Մոլլա Բայազետ (այժմ՝ գ. Բամբակաշատ, ՀՀ Արմավիրի մ.)), գրող, թարգմանիչ։ ՀՀ մշակույթի վաստ. գործիչ (1968)«Պիոներ» ամսագրի (1956-69), «Գրական թերթի» (1969-78) գլխ. խմբ.,ՀԳՄ վարչ. քարտուղար (1978-94))

670 ## - SOURCE DATA FOUND

  • Source citation: Հայաստանի Հանրապետություն (օրաթերթ), 27 մայ. 2005 :
  • Information found: էջ 7 (Սաղաթել Հարությունյան : [Մահախոսական])

670 ## - SOURCE DATA FOUND

  • Source citation: Եթե քո աչքը պարզ է... (Բանաստեղծություններ, պիեսներ), 1979 :
  • Information found: տիտղթ. (Ս. Հարությունյան); վերջ. (Հարությունյան Սաղաթել Մամիկոնի)

670 ## - SOURCE DATA FOUND

  • Source citation: Ջելսոմինոն խաբեբաների աշխարհում (Հեքիաթ-վիպակ։ Դպր. կրտսեր տարիքի համար), 1990 :
  • Information found: տիտղթ. (Ջաննի Ռոդարի; Ռուս. թարգմ.՝ Ս. Հարությունյան); վերջ. (Հարությունյան Սաղաթել)

670 ## - SOURCE DATA FOUND

  • Source citation: Գյուլչեչեկ: Թաթարական ժող. հեքիաթներ, 1954 :
  • Information found: տիտղթ. (Թարգմ.՝ Սաղ. Հարությունյան)

670 ## - SOURCE DATA FOUND

  • Source citation: Դրամատուրգիա, 1960 :
  • Information found: տիտղթ. (Կազմ.՝ Ս. Սարգսյան; Խմբ. կոլ. Ս. Հարությունյան, Ա. Հունանյան, Լ. Սամվելյան)

670 ## - SOURCE DATA FOUND

  • Source citation: Апрель :Стихи, 1956 :
  • Information found: т.л. (С. Арутюнян; Пер. с арм. В. Звягинцевой); (Арутюнян Сагатэл)


ՀՀ ԳԱԱ հիմնարար գիտական գրադարան
ՀՀ,Երևան 0019
Մարշալ Բաղրամյան 24/6
հեռախոս:(374-10) 52-47-50
Հետադարձ կապ

All site content, except where otherwise noted, is licensed under a
Creative Commons License